|
|
|
|
| LEADER |
01094nam a2200265 a 4500 |
| 001 |
3033950 |
| 008 |
100621s1996 nyua be 001 0 eng d |
| 010 |
|
|
|a 95026497
|
| 020 |
|
|
|a 0471131598 (acid-free paper)
|
| 040 |
|
|
|a DLC
|c DLC
|d DLC
|d BD-DhAAL
|
| 082 |
0 |
0 |
|a 150/.3
|2 20
|
| 245 |
0 |
0 |
|a Concise encyclopedia of psychology /
|c Raymond J. Corsini and Alan J. Auerbach, editors ; consulting editors, Anne Anastasi ... [et al.] ; associate editors, Mary Allen ... [et al.] ; managing editor, Becky Ozaki.
|
| 250 |
|
|
|a 2nd ed.
|
| 260 |
|
|
|a New York :
|b J. Wiley,
|c c1996.
|
| 300 |
|
|
|a xxi, 1035 p. :
|b ill. ;
|c 29 cm.
|
| 504 |
|
|
|a includes bibliographical references and indexes.
|
| 541 |
1 |
|
|e 00015547
|
| 650 |
|
0 |
|a Psychology
|x Encyclopedias.
|
| 700 |
1 |
|
|a Corsini, Raymond J.
|
| 700 |
1 |
|
|a Auerbach, Alan J.
|
| 700 |
1 |
|
|a Anastasi, Anne,
|d 1908-
|
| 700 |
1 |
|
|a Allen, Mary.
|
| 852 |
4 |
|
|a Ayesha Abed Library
|j General shelf
|
| 999 |
|
|
|c 9021
|d 9021
|
| 952 |
|
|
|0 0
|1 0
|2 ddc
|4 0
|6 150_300000000000000_CON_1996
|7 0
|9 11143
|a BRACUL
|b BRACUL
|c GEN
|d 2010-06-21
|l 0
|o 150.3 CON
|p 3010015547
|r 2010-06-21
|t 1
|w 2010-06-21
|y BK
|